000 00876nam a2200241Ia 4500
008 191130s2006##################000#0#eng##
020 _a9781551110967
022 _a2005030186
040 _aACL
_cACL
082 _a824.6 COL
100 _aCollier, Jane
245 _aAn essay on the art of ingeniously tormenting
_cJane Collier ; edited with an introduction and notes by Katherine A. Craik
260 _aOxford
_bOxford University Press
_c2006
300 _axlv, 111 p. ; 20 cm
500 _aIncludes bibliographical references (p. [xl]-xliii)
650 _aConduct of life - Humor - Early works to 1800
650 _aInterpersonal relations - Humor - Early works to 1800
650 _aWomen - Conduct of life - Humor - Early works to 1800
700 _aCraik, Katharine A
990 _a4a5ca8c4ac10000c7d9664c8064b8131
991 _a293075
999 _c244595
_d244595